| 000 | 00549nam a2200193Ia 4500 | ||
|---|---|---|---|
| 999 |
_c1882 _d1882 |
||
| 003 | OSt | ||
| 005 | 20200928112706.0 | ||
| 008 | 190216s9999||||xx |||||||||||||| ||und|| | ||
| 020 | _a8171338674 | ||
| 040 | _coclc | ||
| 082 |
_a582.13 _bSIN/T |
||
| 100 |
_aSingh, V _94777 |
||
| 245 | 2 |
_aA Textbook Of Botany : _bAngiosperms / _cV Singh ; P C Pande ; D K Jain |
|
| 250 | _a3rd Ed. | ||
| 260 |
_bRastogi Publications, _c2008. _aMeerut: |
||
| 300 | _a302p | ||
| 650 | _aBotany | ||
| 942 |
_cBK _2ddc _h582.13 _iSIN/T _k582.13 _mSIN/T |
||